000 00627nam a2200205Ia 4500
008 131103s9999 xx 000 0 und d
020 _a520062108
040 _aLoreto College
041 _aEnglish
082 _a801,
_bBOO
245 4 _aThe company we keep
_b An ethics of fiction
_cWayne C. Booth
260 _aBerkeley
_bUniversity of California Press
_c1988
300 _axii,557p, 22.5 cm.
504 _aIncludes bibliogrphical references and index
630 _aLiterary ethics
650 _aLiterary Criticism
651 _aCriticism-Moral and Ethical aspects
700 _aBooth, Wayne C., auth
942 _cBK
999 _c2384
_d52863